Veľkonočná oblievačka

Bibliographic Details
Main Author: Križan, Ľudovít, 1900-1979 (Author)
Format: Article
Language:Slovak
Subjects:

MARC

LEADER 00000nab a22000001a 4500
001 vtls009288319
003 SK-MaSNL
005 20260303052224.0
008 080422d19380417xo |r|p|||| |000 b|slo
015 |a SNBRRBVU1918-1938 
038 |a SNKBUCL 
038 |a SNKBUVU 
040 |a SNKBUVU  |b slo  |c SNKBUCL  |e AACR2 
041 0 |a slo 
044 |a xo  |c SK 
080 |a 75.071.1  |2 1997 
080 |a 75.05:741/744  |2 1997 
100 1 |a Križan, Ľudovít,  |d 1900-1979  |4 aut  |9 113488 
245 1 0 |a Veľkonočná oblievačka  |c Ľ. Križan 
650 0 7 |a slovenské maliarstvo  |2 MM  |9 3124 
650 0 7 |a kresby  |2 MM  |9 30084 
655 7 |a reprodukcie výtvarných diel  |2 MM  |9 310790 
773 0 |t Slovenský denník  |g Roč. 21, č. 91 (17.4.1938), s. 1 
852 |a SNK  |b KIS3GCP 
910 |a snkrbvumm 
958 |a VY 
999 |c 1714404  |d 1716334